=LDR 00000nam 2200000 4500 =001 INLIS000000000038249 =005 20130612143925 =008 ***********************************Ind** =035 ##$$0010-061300000038249 =041 ##$$a Ind =082 ##$$a 658.406 =090 ##$$a 658.406, KAS C =100 ##$$a Kasali, Rhenald =245 ##$$a Cahnge, Tak peduli berapa jauh jalan salas yang ada jalani putar arah sekarang juga(manajemen perubahan dan manajemen harapan), Rhenald Kasali =260 ##$$a 2010 $b Jakarta =300 ##$$a 456 hllm, Ilus, 23 cm =650 ##$$a Manajemen Perubahan =850 ##$$a NBPNMAT